000 00610nam a2200193Ia 4500
008 140925s9999 xx 000 0 und d
020 _a1468-2419
100 _aLewis, Paul.
245 _aInternational Journal of Training and Development /
_cPaul Lewis.
_h[electronic resource]
260 _bJohn Wiley & Sons, Inc.,
_cc1999.
516 _aElectronic text
650 _aJournal.
650 _aPsychology.
650 _aTraining and development.
830 _aJohn Wiley & Sons, Inc.
856 _uhttp://onlinelibrary.wiley.com/journal/10.1111/(ISSN)1468-2419
942 _cEJ
999 _c275638
_d275638